| 000 | 01178nam a2200253Ia 4500 | ||
|---|---|---|---|
| 003 | OSt | ||
| 005 | 20220930094707.0 | ||
| 006 | a|||||r|||| 00| 0 | ||
| 007 | ta | ||
| 008 | 220926b |||||||| |||| 00| 0 hin d | ||
| 024 | _a111 | ||
| 037 | _cTheses | ||
| 040 |
_aCRL _cCRL _bhin |
||
| 041 |
_2hin _ahin |
||
| 100 | _aहरकेश कुमार, टण्डन | ||
| 110 | _aदिल्ली विश्वविद्यालय. संकाय कला. दिन्दी विभाग | ||
| 245 | 0 | _aउन्नीसवीं शताब्दी के उत्तरार्द्ध का सामाजिक परिवेश और रीति कवि लाल बलबीर का काव्य | |
| 246 | _aUnnīsavīan shatābdī ke uttarārddha kā sāmājik parivesh aur rīti kavi lāl balabīr kā kāvya | ||
| 260 | _c2011 | ||
| 650 | _aहिन्दी साहित्य | ||
| 700 | _aदिल्ली विश्वविद्यालय. संकाय कला. दिन्दी विभाग | ||
| 942 |
_cDIS _2CC |
||
| 999 |
_c887523 _d887523 |
||